Venture capital nowy instrument finansowania przedsiebiorstw

Na minha lista:
Detalhes bibliográficos
Autor principal: Weclawski, Jerzy
Formato: Livro
Idioma:polonês
Publicado em: Warszawa Wydawnictwo Naukowe PWN 1997
Colecção:Przedsiebiorczosc
Assuntos:
Tags: Adicionar Tag
Sem tags, seja o primeiro a adicionar uma tag!

MARC

LEADER 00000nam a2200000 4500
001 c120315
005 20221124075032.2
020 |a 83-01-12230-7 
041 0 |a pol 
044 |a PL 
245 1 0 |a Venture capital  |b nowy instrument finansowania przedsiebiorstw  |c Jerzy Weclawski 
264 1 |a Warszawa  |b Wydawnictwo Naukowe PWN  |c 1997 
300 |a 235 s. 
490 1 |a Przedsiebiorczosc 
830 0 |a Przedsiebiorczosc 
610 2 0 |a kapitál rizikový 
610 2 0 |a podnik 
610 2 0 |a financovanie podnikov 
610 2 0 |a nástroje finančné 
610 2 0 |a kapitál 
610 2 0 |a riziko 
610 2 0 |a investovanie 
610 2 0 |a štát 
610 2 0 |a trh kapitálový 
610 2 0 |a Nemecko 
610 2 0 |a Poľsko 
100 1 |a Weclawski, Jerzy